[Event "AUTO-INT-1785"]
[Site "http://www.queenalice.com/game.php?id=884328"]
[Date "2011.1.11"]
[Round "2"]
[White "donnybaby"]
[Black "kanibal"]
[Result "1-0"]
[WhiteElo "1772"]
[BlackElo "1693"]

1. e3 e5 2. c3 d5 3. h3 e4 4. d3 exd3 5. Bxd3 Nf6 6. Ne2 Bc5 7. b4 Bd6 8. Nd2
O-O 9. g4 Nfd7 10. h4 f6 11. Qc2 Nb6 12. e4 dxe4 13. Bxe4 g6 14. h5 g5 15. Bxh7+
Kf7 16. h6 Rh8 17. Qg6+ Ke7 18. Qg7+ Ke6 19. Bf5+ Ke5 20. Nf3+ Kd5 21. Qf7+ Kc6
22. Ned4# 1-0

[Event "AUTO-INT-1785"]
[Site "http://www.queenalice.com/game.php?id=884331"]
[Date "2011.1.11"]
[Round "2"]
[White "chyco"]
[Black "donnybaby"]
[Result "0-1"]
[WhiteElo "1653"]
[BlackElo "1811"]

1. e4 e6 2. e5 a6 3. f4 c6 4. Nf3 Ne7 5. Ng5 h6 6. Ne4 Nd5 7. c4 Nxf4 8. g3 Ng6
9. d3 Nxe5 10. Bd2 f5 11. Nec3 h5 12. Na4 a5 13. Be2 g6 14. h4 Bb4 15. a3 Bxd2+
16. Qxd2 Qc7 17. Qc3 Rg8 18. c5 Ra7 19. Rg1 d6 20. d4 Ng4 21. Bxg4 fxg4 22. Nd2
d5 23. O-O-O Nd7 24. Rde1 Nf6 25. Qe3 Qg7 26. Nb6 Bd7 27. Qg5 Nh7 28. Rgf1 Nxg5
29. hxg5 Qxd4 30. Re2 Qxc5+ 31. Kb1 Qxb6 32. Ref2 Qe3 33. Re2 Qxe2 0-1

[Event "AUTO-INT-1785"]
[Site "http://www.queenalice.com/game.php?id=884332"]
[Date "2011.1.11"]
[Round "2"]
[White "donnybaby"]
[Black "chyco"]
[Result "0-1"]
[WhiteElo "1645"]
[BlackElo "1687"]

1. e3 e5 2. c3 c6 3. Ne2 d6 4. h4 h5 5. Ng3 Nf6 6. e4 g6 7. d3 Ng4 8. f3 Nf6 9.
Bg5 Be7 10. Bxf6 Bxf6 11. Nd2 Bxh4 12. Qe2 Bxg3+ 13. Kd1 Qb6 14. b3 Qc5 15. Kc2
Qa3 16. Nc4 Qc5 17. b4 Qf2 18. Nxd6+ Kd7 19. Nxf7 Rf8 20. Nxe5+ Ke8 21. Qxf2
Bxf2 22. Nxg6 Rf6 23. Ne5 a5 24. Rxh5 Nd7 25. Nxd7 Bxd7 26. Rxa5 Rxa5 27. bxa5
Re6 28. Rb1 Bc8 29. g4 Re5 30. a6 bxa6 31. Rb8 Kd8 32. d4 Ra5 33. Kb2 c5 34. d5
Bg3 35. Rb6 Ra4 36. Kb3 Ra5 37. Rf6 Bd7 38. Kb2 Be5 39. Rg6 Ba4 40. Be2 Bb5 41.
Bd1 Bc4 42. a3 Rb5+ 43. Kc2 Bb3+ 44. Kd2 Bf4+ 45. Ke1 Bc4 46. Bc2 Rb2 47. Kd1
Ra2 48. Bb1 Bb3+ 49. Ke1 Ra1 50. Kf2 Rxb1 51. Rf6 Rb2+ 52. Kg1 Be3+ 53. Kh1 Bd1
0-1

[Event "AUTO-INT-1785"]
[Site "http://www.queenalice.com/game.php?id=884333"]
[Date "2011.1.11"]
[Round "2"]
[White "Rissoli"]
[Black "donnybaby"]
[Result "1-0"]
[WhiteElo "2125"]
[BlackElo "1667"]

1. e4 e6 2. d4 c6 3. Nc3 Bb4 4. a3 Bxc3+ 5. bxc3 b6 6. Nf3 Ba6 7. Bxa6 Nxa6 8.
Qd3 Nc7 9. Bf4 d6 10. O-O h6 11. e5 d5 12. c4 1-0

[Event "AUTO-INT-1785"]
[Site "http://www.queenalice.com/game.php?id=884334"]
[Date "2011.1.11"]
[Round "2"]
[White "donnybaby"]
[Black "Rissoli"]
[Result "0-1"]
[WhiteElo "1669"]
[BlackElo "2124"]

1. e3 Nf6 2. c3 c5 3. Ne2 Nc6 4. Ng3 g6 5. h4 h5 6. d3 d5 7. d4 c4 8. b3 b5 9.
b4 a5 10. bxa5 Qxa5 11. a3 Qxc3+ 12. Nxc3 b4 0-1

[Event "Challenge"]
[Site "http://www.queenalice.com/game.php?id=884571"]
[Date "2011.1.11"]
[Round "-"]
[White "donnybaby"]
[Black "LEOKnopp"]
[Result "0-1"]
[WhiteElo "1693"]
[BlackElo "1501"]

1. e3 e5 2. c3 d5 3. h3 e4 4. d3 Bf5 5. g4 Bg6 6. h4 Nf6 7. g5 Bh5 8. Be2 Bg6 9.
gxf6 gxf6 10. d4 Nc6 11. Bb5 a6 12. Bxc6+ bxc6 13. b3 h5 14. Ne2 Bh6 15. Ba3 f5
16. Nf4 Bxf4 17. exf4 Qb8 18. Bc5 Qb5 19. a4 Qd3 20. Qxd3 exd3 21. Nd2 Rb8 22.
Rb1 Kd7 23. Nf3 Rbe8+ 24. Kd2 Re2+ 25. Kxd3 Rxf2 26. Ne5+ Ke6 27. Rbf1 Rb2 28.
b4 Rg8 29. Nxc6 f6 30. c4 Rb3+ 31. Kc2 dxc4 32. d5+ Kd7 33. Re1 Rf3 34. Re7+ Kc8
35. Re3 Rxf4 0-1

[Event "The best 1700"]
[Site "http://www.queenalice.com/game.php?id=888765"]
[Date "2011.1.20"]
[Round "2"]
[White "pacou93"]
[Black "donnybaby"]
[Result "1-0"]
[WhiteElo "1950"]
[BlackElo "1649"]

1. e4 e6 2. Qe2 c6 3. c4 Ne7 4. Nf3 d6 5. g3 e5 6. Bg2 Bg4 7. O-O h5 8. h3 Bxf3
9. Qxf3 c5 10. Nc3 Na6 11. a3 Nc7 12. d3 a6 13. Bd2 g6 14. Bg5 Qd7 15. b3 Ne6
16. Bxe7 Qxe7 17. Nd5 Qg5 18. Qf6 Qxf6 19. Nxf6+ Kd8 20. Nd5 a5 21. b4 Nc7 22.
Nxc7 Kxc7 23. bxc5 dxc5 24. f4 Bd6 25. fxe5 Bxe5 26. Rxf7+ Kb8 27. Rb1 Bc7 28.
e5 Ra7 29. e6 Bd6 30. Rfxb7+ Rxb7 31. Rxb7+ Kc8 32. Rg7 Rh6 33. e7 Rh8 34. Rxg6
Bxe7 35. Ra6 1-0

[Event "AUTO-INT-1869"]
[Site "http://www.queenalice.com/game.php?id=894749"]
[Date "2011.2.2"]
[Round "2"]
[White "Spinoza"]
[Black "donnybaby"]
[Result "1-0"]
[WhiteElo "2342"]
[BlackElo "1740"]

1. d4 d6 2. Nf3 h6 3. e4 Bg4 4. Be2 Bxf3 5. Bxf3 c6 6. Be3 g5 7. h4 gxh4 8. Nc3
b5 9. Qd3 e6 10. d5 b4 11. Qd4 e5 12. Qxb4 c5 13. Qb7 Nd7 14. O-O-O Qc8 15. Qc6
Qxc6 16. dxc6 Nb6 17. Nb5 Kd8 18. Bxc5 1-0

[Event "AUTO-INT-1869"]
[Site "http://www.queenalice.com/game.php?id=894750"]
[Date "2011.2.2"]
[Round "2"]
[White "donnybaby"]
[Black "Spinoza"]
[Result "0-1"]
[WhiteElo "1798"]
[BlackElo "2300"]

1. e3 d5 2. c3 Nf6 3. h3 e5 4. d3 Bd6 5. g4 Be6 6. b3 Nc6 7. d4 Ne4 8. Bb5 O-O
9. Bxc6 bxc6 10. Nf3 exd4 11. cxd4 f5 12. gxf5 Bxf5 13. Ba3 Bxa3 14. Nxa3 Nxf2
15. Kxf2 Be4 16. h4 Bxf3 17. Qxf3 Rxf3+ 18. Kxf3 Qf8+ 0-1

[Event "AUTO-INT-1869"]
[Site "http://www.queenalice.com/game.php?id=894751"]
[Date "2011.2.2"]
[Round "2"]
[White "UKopra"]
[Black "donnybaby"]
[Result "1-0"]
[WhiteElo "1851"]
[BlackElo "1713"]

1. d4 e6 2. c4 Bb4+ 3. Bd2 Bxd2+ 4. Qxd2 Ne7 5. e4 Ng6 6. Nf3 d6 7. Nc3 h6 8.
Bd3 Nh4 9. Nxh4 Qxh4 10. O-O-O Nc6 11. d5 Ne5 12. g3 Nxd3+ 13. Qxd3 Qd8 14. f4
g5 15. e5 gxf4 16. gxf4 c6 17. dxc6 bxc6 18. Qxd6 Qxd6 19. exd6 Ba6 20. d7+ Kd8
21. c5 f5 22. Rd6 Bc4 23. b3 Bxb3 24. axb3 Rb8 25. Kc2 Rh7 26. Rhd1 1-0

[Event "AUTO-INT-1869"]
[Site "http://www.queenalice.com/game.php?id=894752"]
[Date "2011.2.2"]
[Round "2"]
[White "donnybaby"]
[Black "UKopra"]
[Result "0-1"]
[WhiteElo "1703"]
[BlackElo "1861"]

1. e3 Nf6 2. c3 g6 3. Ne2 Bg7 4. Ng3 d5 5. d3 c5 6. Be2 Nc6 7. h3 O-O 8. f4 e5
9. e4 Re8 10. f5 dxe4 11. fxg6 fxg6 12. Nxe4 Nxe4 13. dxe4 Qh4+ 14. Kf1 Qxe4 15.
Qd3 Bf5 16. Qxe4 Bxe4 17. Nd2 Rf8+ 18. Kg1 Bd5 19. Bc4 Bxc4 20. Nxc4 e4 21. Nd6
Rad8 22. Nxe4 Rd1+ 23. Kh2 Be5+ 24. Ng3 Rff1 25. Rxf1 Rxf1 26. h4 Ne7 0-1

[Event "Challenge"]
[Site "http://www.queenalice.com/game.php?id=896296"]
[Date "2011.2.5"]
[Round "-"]
[White "Dedey_123"]
[Black "donnybaby"]
[Result "1-0"]
[WhiteElo "1514"]
[BlackElo "1738"]

1. e4 e6 2. Nf3 c6 3. g3 b6 4. e5 Ba6 5. Bg2 g5 6. d3 h6 7. O-O g4 8. Nfd2 h5 9.
Nc3 Bb4 10. Nde4 Qc7 11. a3 Bxc3 12. Nxc3 d6 13. exd6 Qxd6 14. Bf4 Qe7 15. Be5
f6 16. Bxb8 Rxb8 17. Bxc6+ Kf7 18. b4 Bb7 19. b5 Bxc6 20. bxc6 Qc5 21. Ne4 Qxc6
22. c4 Nh6 23. h4 Nf5 24. f3 Ne3 25. Qe2 Nxf1 26. Qxf1 f5 27. Ng5+ Ke7 28. Rc1
a5 29. d4 Qd6 30. d5 Qxg3+ 31. Qg2 Qxg2+ 32. Kxg2 gxf3+ 33. Kxf3 Rhd8 34. Nxe6
Rd6 35. Kf4 b5 36. Nd4 Kd7 37. Nxf5 Rf6 38. Kg5 Rff8 39. c5 b4 40. c6+ Kc7 41.
d6+ 1-0

[Event "OS INCLIVEIS"]
[Site "http://www.queenalice.com/game.php?id=899022"]
[Date "2011.2.11"]
[Round "-"]
[White "adelio"]
[Black "donnybaby"]
[Result "1-0"]
[WhiteElo "1618"]
[BlackElo "1813"]

1. h3 e6 2. a3 c6 3. b3 Ne7 4. e4 Ng6 5. g3 b6 6. c3 Ba6 7. d3 d5 8. Qe2 Qd6 9.
Nf3 dxe4 10. Qxe4 f5 11. Qd4 c5 12. Qxd6 Bxd6 13. Bg2 Bxd3 14. Ne5 Be4 15. Bxe4
fxe4 16. Nxg6 hxg6 17. Be3 Nd7 18. Ra2 a5 19. h4 b5 20. Re2 Ne5 21. O-O Ng4 22.
Bg5 Ne5 23. Rxe4 Nf3+ 24. Kg2 Nxg5 25. hxg5 Kd7 26. Rd1 Ra6 27. Nd2 Re8 28. Nf3
Kc7 29. Ne5 Bxe5 30. Rxe5 Rc6 31. Re3 Rd8 32. Rde1 Rdd6 33. Rf3 Rd5 34. Rf7+ Kb6
35. Rxg7 Rxg5 36. Rh1 e5 37. Rhh7 c4 38. b4 axb4 39. axb4 Rc8 40. f3 Rf5 41.
Rxg6+ Rc6 42. Rgg7 Rf8 43. Rb7+ 1-0

[Event "AUTO-INT-2319"]
[Site "http://www.queenalice.com/game.php?id=1058710"]
[Date "2012.5.12"]
[Round "1"]
[White "donnybaby"]
[Black "Gonzales"]
[Result "1-0"]
[WhiteElo "1542"]
[BlackElo "1365"]

1. e3 e5 2. c3 d5 3. b3 c5 4. Bb5+ Bd7 5. Bxd7+ Qxd7 6. a4 Nc6 7. Ne2 Nf6 8. Ng3
Bd6 9. Nh5 O-O 10. Nxf6+ gxf6 11. d3 1-0

[Event "AUTO-INT-2319"]
[Site "http://www.queenalice.com/game.php?id=1058733"]
[Date "2012.5.12"]
[Round "1"]
[White "donnybaby"]
[Black "coutovet"]
[Result "0-1"]
[WhiteElo "1546"]
[BlackElo "1598"]

1. e3 e5 2. c3 d5 3. g3 Nc6 4. Bb5 Bd7 5. Bxc6 Bxc6 6. b4 a6 7. Nh3 Qd7 8. Qh5
Nf6 9. Qxe5+ Qe7 10. Qxe7+ Bxe7 0-1

[Event "AUTO-INT-2319"]
[Site "http://www.queenalice.com/game.php?id=1058734"]
[Date "2012.5.12"]
[Round "1"]
[White "coutovet"]
[Black "donnybaby"]
[Result "1-0"]
[WhiteElo "1583"]
[BlackElo "1561"]

1. e4 e6 2. d4 c6 3. a3 g6 4. Nf3 h6 5. Nc3 Qa5 6. Bc4 b5 7. Ba2 b4 8. axb4 Bxb4
9. Bd2 Bxc3 10. Bxc3 Qh5 11. Qd3 1-0

[Event "AUTO-INT-2331"]
[Site "http://www.queenalice.com/game.php?id=1063192"]
[Date "2012.5.23"]
[Round "1"]
[White "djoko"]
[Black "donnybaby"]
[Result "1-0"]
[WhiteElo "1734"]
[BlackElo "1611"]

1. d4 e6 2. c4 Bb4+ 3. Nc3 Bxc3+ 4. bxc3 b6 5. Nf3 Ba6 6. e3 Ne7 7. a4 Nbc6 8.
Bd3 Na5 9. Qe2 Nb3 10. Rb1 Nxc1 11. Rxc1 1-0

[Event "AUTO-INT-2331"]
[Site "http://www.queenalice.com/game.php?id=1063193"]
[Date "2012.5.23"]
[Round "1"]
[White "donnybaby"]
[Black "djoko"]
[Result "0-1"]
[WhiteElo "1623"]
[BlackElo "1722"]

1. e3 e5 2. c3 e4 3. d3 d5 4. dxe4 Nf6 5. exd5 Nbd7 6. Bb5 Nxd5 7. Qxd5 c6 8.
Qe4+ Be7 9. Be2 Nf6 10. Qd3 Qxd3 0-1

[Event "AUTO-INT-2331"]
[Site "http://www.queenalice.com/game.php?id=1063206"]
[Date "2012.5.23"]
[Round "1"]
[White "donnybaby"]
[Black "FranzMeM"]
[Result "0-1"]
[WhiteElo "1640"]
[BlackElo "1614"]

1. e3 e5 2. c3 Nf6 3. Ne2 d5 4. Qb3 Be6 5. Qxb7 Nbd7 6. Qc6 Be7 7. Qa4 O-O 8. h4
Nc5 9. Qc2 Nfe4 10. b4 Nb7 0-1

[Event "AUTO-INT-2331"]
[Site "http://www.queenalice.com/game.php?id=1063207"]
[Date "2012.5.23"]
[Round "1"]
[White "FranzMeM"]
[Black "donnybaby"]
[Result "1-0"]
[WhiteElo "1595"]
[BlackElo "1659"]

1. e4 e6 2. d4 c6 3. Bd2 Be7 4. Nf3 b6 5. a3 Ba6 6. Bxa6 Nxa6 7. O-O h6 8. Nc3
f6 9. b3 g5 10. Be3 h5 11. b4 h4 12. e5 1-0

[Event "AUTO-INT-2331"]
[Site "http://www.queenalice.com/game.php?id=1063208"]
[Date "2012.5.23"]
[Round "1"]
[White "donnybaby"]
[Black "marcomasao"]
[Result "0-1"]
[WhiteElo "1600"]
[BlackElo "1493"]

1. e3 e5 2. c3 Nc6 3. Bb5 Nf6 4. Bxc6 dxc6 5. b3 Bd7 6. Ba3 Be7 7. Bxe7 Kxe7 8.
Nf3 e4 9. Ne5 Ke8 10. Na3 Qe7 11. Nxd7 Qxd7 12. h3 Qd3 0-1

[Event "AUTO-INT-2331"]
[Site "http://www.queenalice.com/game.php?id=1063209"]
[Date "2012.5.23"]
[Round "1"]
[White "marcomasao"]
[Black "donnybaby"]
[Result "1-0"]
[WhiteElo "1513"]
[BlackElo "1580"]

1. e4 e6 2. Qf3 Qf6 3. Bc4 Qxf3 4. Nxf3 b6 5. a3 a6 6. Ba2 Bb7 7. Nc3 d6 8. d3
c5 9. Bd2 Nd7 10. g3 Ne5 11. Nxe5 dxe5 12. h4 Bd6 13. Na4 1-0